000 00676nam a2200241 i 4500
001 bg
100 1 _aKlugiewicz, Jan.
245 1 0 _aMechanika płynów /
_cJan Klugiewicz.
260 _aBydgoszcz :
_bWydawnictwa Uczelniane Uniwersytetu Technologiczno-Przyrodniczego,
_ccop. 2007.
300 _a284 s. :
_bil. ;
_c24 cm.
504 _aBibliogr. s. 269. Indeks.
650 9 _aMechanika płynów
655 _aPodręczniki akademickie
015 _aPB 13561/2008
020 _a9788389334848
040 _cBPK
041 _apol
044 _aPOL
080 _a532(075.8)
920 _a978-83-89334-84-8
942 _cKS
008 080509s2007 pl a f f |001 0 pol
999 _c55482
_d55482
856 _uhttp://koha.tu.koszalin.pl/cgi-bin/koha/opac-detail.pl?biblionumber=55482
_yKatalog online BPK